000 00641nam a2200229Ia 4500
003 OSt
005 20220924122913.0
006 a|||||r|||| 00| 0
007 ta
008 220923b |||||||| |||| 00| 0 urd d
024 _a314321
037 _cTextual
040 _aARTS
_cARTS
_burd
041 _2urd
_aurd
082 _aO168,1N191:g, N8
100 _aKhan Mohd. Arshad
_9191046
245 0 _aNashoor Wahidi
_b Shakhsiat aur fan
260 _aLucknow
_bNussat Publisher's India
_c1998
650 _aURDU POETRY
942 _hO168,1N191:g, N8
_cTEXL
_2CC
999 _c413526
_d413526